000 00716nam a22002417a 4500
005 20190309122235.0
008 190309b xxu||||| |||| 00| 0 eng d
020 _a9780143128816
_cRs 499
040 _beng
041 _aEnglish
082 _a823.914
_bCOE-ATT
100 _aAttwell, David
245 _aJ. M. Coetzee and the life of writing
_bFace-to-face with time
_cDavid Attwell
260 _aNew York
_bPenguin Books
_c2016
300 _axxiii,248p
_b24 cm
504 _aIncludes bibliographical references and index
600 _aCoetzee, J.M.
_d1940-
650 _aBiography in literature
650 _aAuthorships
650 _aSouth African fiction (English)
850 _aLCLIB
_bPG
942 _cBK
999 _c41983
_d92462